Savill's system of clinical medicine : (Record no. 8691)
[ view plain ]
| 000 -LEADER | |
|---|---|
| fixed length control field | 00688nam a22002052 4500 |
| 001 - CONTROL NUMBER | |
| control field | 0000018874 |
| 005 - DATE AND TIME OF LATEST TRANSACTION | |
| control field | 20151217152137.0 |
| 008 - FIXED-LENGTH DATA ELEMENTS--GENERAL INFORMATION | |
| fixed length control field | 100811s xx 000 0 eng d |
| 020 ## - INTERNATIONAL STANDARD BOOK NUMBER | |
| International Standard Book Number | 812390911x : |
| 040 ## - CATALOGING SOURCE | |
| Original cataloging agency | KABU |
| Transcribing agency | KABU |
| 245 10 - TITLE STATEMENT | |
| Title | Savill's system of clinical medicine : |
| Remainder of title | dealing with the diagnosis, prognosis and treatment of disease for students and practitioners / |
| Statement of responsibility, etc. | edited by E. C. Warner. |
| 250 ## - EDITION STATEMENT | |
| Edition statement | 14th ed. |
| 260 ## - PUBLICATION, DISTRIBUTION, ETC. (IMPRINT) | |
| Place of publication, distribution, etc. | New Delhi : |
| Name of publisher, distributor, etc. | CBS, |
| Date of publication, distribution, etc. | 1964. |
| 300 ## - PHYSICAL DESCRIPTION | |
| Extent | xxiv, 1496 p. |
| 650 #0 - SUBJECT ADDED ENTRY--TOPICAL TERM | |
| Topical term or geographic name as entry element | Clinical medicine. |
| -- | 0000144935 |
| 700 1# - ADDED ENTRY--PERSONAL NAME | |
| Personal name | Warner, E. C. |
| -- | 0000178316 |
| 852 1# - LOCATION | |
| -- | p1190 KES |
| 908 ## - PUT COMMAND PARAMETER (RLIN) | |
| Put command parameter | 100811 |
| 950 ## - LOCAL HOLDINGS (RLIN) | |
| -- | 1 |
| Withdrawn status | Lost status | Source of classification or shelving scheme | Not for loan | Home library | Current library | Date acquired | Total Checkouts | Full call number | Barcode | Date last seen | Date last checked out | Price effective from | Koha item type |
|---|---|---|---|---|---|---|---|---|---|---|---|---|---|
| Library of Congress Classification | Kabarak, Main Campus | Kabarak, Main Campus | 17/12/2015 | 1 | RC46 .S28 1964 c. 1 | 24324 | 15/06/2017 | 29/05/2017 | 17/12/2015 | General Collection |